[Event "Unterfranken-ch HB 56th"]
[Site "Stetten"]
[Date "2005.04.02"]
[Round "9"]
[White "Loeser, Tobias"]
[Black "Lindner, Erik"]
[Result "1/2-1/2"]
[WhiteElo "1614"]
[BlackElo "1637"]
[PlyCount "61"]
[EventDate "2005.03.28"]
[EventType "swiss"]
[EventRounds "9"]
[EventCountry "GER"]
[SourceTitle "EXT 2015"]
[Source "ChessBase"]
[SourceDate "2014.11.20"]
[SourceVersion "1"]
[SourceVersionDate "2014.11.20"]
[SourceQuality "1"]

1. e4 c5 2. d4 cxd4 3. c3 d6 4. cxd4 Nf6 5. Nc3 g6 6. Bc4 Bg7 7. h3 0-0 8. Nf3 h6 9. 0-0 Qc7 10. Bb3 Nc6 11. Be3 a6 12. Qd2 Kh7 13. Rac1 Qa5 14. d5 Na7 15. Qd3 Nd7 16. Bd4 Ne5 17. Nxe5 dxe5 18. Be3 f5 19. f3 f4 20. Bf2 Bd7 21. Rfd1 Nc8 22. Ne2 Nd6 23. Rc5 Qd8 24. Rdc1 Bb5 25. Qd2 Rc8 26. Rxc8 Nxc8 27. Rc3 Qd7 28. Qc2 Bxe2 29. Qxe2 Nd6 30. Qc2 Rc8 31. Rxc8 1/2-1/2

[Event "Unterfranken-ch HT 55th"]
[Site "Bad Koenigshofen"]
[Date "2004.04.17"]
[Round "9"]
[White "Lindner, Erik"]
[Black "Mueller, Niklas"]
[Result "1-0"]
[WhiteElo "1667"]
[BlackElo "1066"]
[PlyCount "41"]
[EventDate "2004.04.12"]
[EventType "swiss"]
[EventRounds "9"]
[EventCountry "GER"]
[SourceTitle "EXT 2015"]
[Source "ChessBase"]
[SourceDate "2014.11.20"]
[SourceVersion "1"]
[SourceVersionDate "2014.11.20"]
[SourceQuality "1"]

1. c4 e5 2. Nc3 Nf6 3. g3 Nc6 4. Bg2 Bc5 5. e3 d6 6. Nf3 Bf5 7. 0-0 Bd3 8. Re1 Bxc4 9. d4 Bb4 10. a3 Ba5 11. b4 Bb6 12. d5 Ne7 13. e4 Ng4 14. Be3 0-0 15. Bxb6 cxb6 16. Nd2 Qc8 17. Rc1 b5 18. Nxb5 Qd7 19. Nxc4 Qxb5 20. Qxg4 Rfd8 21. Rc3 1-0